[Event "Berlin Lichtenberger op 11th"]
[Site "Berlin"]
[Date "2012.08.18"]
[Round "1"]
[White "Glantz, Robert"]
[Black "Bandlow, Reinhard"]
[Result "1-0"]
[WhiteElo "2282"]
[BlackElo "1983"]
[PlyCount "41"]
[EventDate "2012.08.18"]
[EventType "swiss"]
[EventRounds "9"]
[EventCountry "GER"]
[SourceTitle "CBM 150 Extra"]
[Source "ChessBase"]
[SourceDate "2012.10.19"]
[SourceVersion "1"]
[SourceVersionDate "2012.10.19"]
[SourceQuality "1"]

1. e4 c6 2. d4 d5 3. f3 e6 4. Nc3 a6 5. Bf4 c5 6. exd5 cxd4 7. Qxd4 Nc6 8. Qe3 Nb4 9. 0-0-0 Qa5 10. a3 Bc5 11. Qe1 Ne7 12. axb4 Bxb4 13. Kb1 Bd7 14. Bd2 Rc8 15. Na2 Ba4 16. Nxb4 Nxd5 17. Bd3 Qc5 18. Rc1 0-0 19. Nxd5 exd5 20. Qh4 g6 21. Qxa4 1-0

[Event "Berlin Lichtenberger op 10th"]
[Site "Berlin"]
[Date "2011.08.18"]
[Round "6"]
[White "Schmidek, Emil"]
[Black "Bandlow, Reinhard"]
[Result "1/2-1/2"]
[WhiteElo "1732"]
[BlackElo "2018"]
[PlyCount "156"]
[EventDate "2011.08.13"]
[EventType "swiss"]
[EventRounds "9"]
[EventCountry "GER"]
[SourceTitle "CBM 143 Extra"]
[Source "ChessBase"]
[SourceDate "2011.08.29"]
[SourceVersion "1"]
[SourceVersionDate "2011.08.29"]
[SourceQuality "1"]

1. e4 c6 2. Nf3 g6 3. d4 Bg7 4. c3 d6 5. Bc4 d5 6. exd5 cxd5 7. Bb3 Nh6 8. Bf4 0-0 9. 0-0 Nc6 10. Na3 a6 11. Nc2 Nf5 12. Nce1 b5 13. Nd3 e6 14. Qd2 Na5 15. Nc5 Nc4 16. Bxc4 dxc4 17. Rfd1 Qd5 18. a4 Bb7 19. Nxb7 Qxb7 20. Be5 f6 21. Bf4 Rad8 22. Qe2 Rfe8 23. Bg3 Kf7 24. Rab1 Qc6 25. axb5 axb5 26. Ra1 Rd7 27. Ra5 Ra8 28. Rda1 Rxa5 29. Rxa5 Qb6 30. Ra1 Ne7 31. Nd2 Ra7 32. Qd1 Nf5 33. Ne4 Bf8 34. Bf4 h5 35. h3 Be7 36. Qb1 Ra4 37. Rxa4 bxa4 38. Qc2 Qc6 39. Ng3 Ng7 40. Nf1 h4 41. Ne3 Nh5 42. Bh2 Qb5 43. Qe2 a3 44. bxa3 Bxa3 45. Qxc4 Qb1+ 46. Nf1 Qc1 47. Qc7+ Kg8 48. Qc8+ Kh7 49. Qxe6 Qxc3 50. Qe4 Bb2 51. d5 Qc5 52. d6 Bd4 53. Qe2 Be5 54. Bxe5 fxe5 55. d7 Qe7 56. Qd3 Qd8 57. Qd6 Nf6 58. Ne3 Kg7 59. Ng4 Nxg4 60. hxg4 Kf7 61. Qd5+ Kf6 62. Qc6+ Kf7 63. Qc8 Ke7 64. g5 Qxd7 65. Qxd7+ Kxd7 66. Kh2 Ke6 67. Kh3 Kf5 68. Kxh4 Kf4 69. f3 e4 70. fxe4 Kxe4 71. g3 Kf5 72. Kh3 Kxg5 73. g4 Kf6 74. Kh4 Kf7 75. Kg5 Kg7 76. Kf4 Kf6 77. g5+ Ke6 78. Ke4 Kd6 1/2-1/2

[Event "Berlin Lichtenberger op 10th"]
[Site "Berlin"]
[Date "2011.08.14"]
[Round "2"]
[White "Bandlow, Reinhard"]
[Black "Guenther, Thomas"]
[Result "1/2-1/2"]
[WhiteElo "2018"]
[BlackElo "2132"]
[PlyCount "103"]
[EventDate "2011.08.13"]
[EventType "swiss"]
[EventRounds "9"]
[EventCountry "GER"]
[SourceTitle "CBM 143 Extra"]
[Source "ChessBase"]
[SourceDate "2011.08.29"]
[SourceVersion "1"]
[SourceVersionDate "2011.08.29"]
[SourceQuality "1"]

1. e4 c5 2. Nc3 Nc6 3. Bb5 Nd4 4. Bc4 d6 5. d3 g6 6. Be3 Bg7 7. Qd2 a6 8. a4 e6 9. Nge2 Qa5 10. Ng3 b5 11. Ba2 b4 12. Nd1 Qxa4 13. Bxd4 cxd4 14. 0-0 Qb5 15. Bb3 Qb6 16. f4 Nf6 17. f5 0-0 18. Nf2 exf5 19. exf5 d5 20. Qf4 Bb7 21. Nh3 h6 22. Ba4 Bc6 23. Qd6 Rac8 24. fxg6 fxg6 25. Nf4 Kh7 26. Ne6 Rf7 27. Nxg7 Kxg7 28. Rf2 Qc7 29. Qxb4 Bxa4 30. Qxa4 Qb6 31. Qxa6 Qxb2 32. Qa2 Qxa2 33. Rxa2 Ng4 34. Rxf7+ Kxf7 35. Ne2 Re8 36. h3 Rxe2 37. hxg4 Kf6 38. Kf1 Rd2 39. Ra6+ Kg5 40. Rd6 Rxc2 41. Rxd5+ Kxg4 42. Rxd4+ Kf5 43. Re4 h5 44. Kg1 g5 45. Kh2 Rd2 46. Re3 g4 47. Kg3 h4+ 48. Kxh4 Rxg2 49. Re8 Rh2+ 50. Kg3 Rh3+ 51. Kg2 Rxd3 52. Rf8+ 1/2-1/2

[Event "Berlin Lichtenberger op 10th"]
[Site "Berlin"]
[Date "2011.08.14"]
[Round "3"]
[White "Lagunow, Alexander"]
[Black "Bandlow, Reinhard"]
[Result "1-0"]
[WhiteElo "2434"]
[BlackElo "2018"]
[PlyCount "47"]
[EventDate "2011.08.13"]
[EventType "swiss"]
[EventRounds "9"]
[EventCountry "GER"]
[SourceTitle "CBM 143 Extra"]
[Source "ChessBase"]
[SourceDate "2011.08.29"]
[SourceVersion "1"]
[SourceVersionDate "2011.08.29"]
[SourceQuality "1"]

1. e4 c6 2. d4 d5 3. exd5 cxd5 4. c4 Nf6 5. Nc3 g6 6. Qb3 Bg7 7. cxd5 0-0 8. Be2 Na6 9. Bf3 Qb6 10. Qxb6 axb6 11. Nge2 Nb4 12. 0-0 Rd8 13. d6 Rxd6 14. Bf4 Rd7 15. Rfd1 Nfd5 16. Bg3 e6 17. Nb5 Rxa2 18. Rxa2 Nxa2 19. Nd6 Rc7 20. Bxd5 exd5 21. Ra1 Rc2 22. Rxa2 Rxe2 23. Kf1 Rc2 24. Ra8 1-0

[Event "Berlin op 06"]
[Site "Berlin"]
[Date "2004.06.12"]
[Round "3"]
[White "Bandlow, Reinhard"]
[Black "Gebigke, Martin"]
[Result "0-1"]
[WhiteElo "1927"]
[BlackElo "2150"]
[PlyCount "82"]
[EventDate "2004.06.11"]
[EventType "swiss"]
[EventRounds "5"]
[EventCountry "GER"]
[SourceTitle "EXT 2007"]
[Source "ChessBase"]
[SourceDate "2006.11.23"]
[SourceVersion "1"]
[SourceVersionDate "2006.11.23"]
[SourceQuality "1"]

1. e4 d5 2. exd5 Qxd5 3. Nc3 Qa5 4. d4 c6 5. Nf3 Bf5 6. Be2 Nf6 7. 0-0 Nbd7 8. Be3 e6 9. Nd2 Qc7 10. Bf3 Bd6 11. h3 Nd5 12. Nce4 Bh2+ 13. Kh1 Bf4 14. Qe2 N7f6 15. c4 Nxe4 16. Bxe4 Ne7 17. Qf3 Bxe3 18. fxe3 0-0 19. Rf2 Bg6 20. Raf1 Rad8 21. h4 Nf5 22. Bxf5 Bxf5 23. e4 Rxd4 24. g4 Rfd8 25. exf5 Rxd2 26. fxe6 Rxf2 27. Rxf2 fxe6 28. Kg2 h6 29. Qe3 Qe7 30. g5 e5 31. Rf5 e4 32. Rf4 Re8 33. gxh6 gxh6 34. Qg3+ Kh7 35. h5 Rg8 36. Rg4 Rxg4 37. Qxg4 Qg5 38. Kg3 e3 39. Qxg5 hxg5 40. Kf3 Kh6 41. Kxe3 Kxh5 0-1

[Event "Berlin op 08"]
[Site "Berlin"]
[Date "2002.08.24"]
[Round "8"]
[White "Bandlow, Reinhard"]
[Black "Schmarr, Denis"]
[Result "0-1"]
[WhiteElo "1953"]
[BlackElo "1563"]
[PlyCount "66"]
[EventDate "2002.08.17"]
[EventType "swiss"]
[EventRounds "9"]
[EventCountry "GER"]
[SourceTitle "EXT 2007"]
[Source "ChessBase"]
[SourceDate "2006.11.23"]
[SourceVersion "1"]
[SourceVersionDate "2006.11.23"]
[SourceQuality "1"]

1. e4 e6 2. Nf3 d5 3. e5 c5 4. Bb5+ Nc6 5. Bxc6+ bxc6 6. 0-0 Ne7 7. Re1 Ng6 8. b3 Be7 9. Bb2 0-0 10. d3 f6 11. Qe2 fxe5 12. Bxe5 Bf6 13. Bxf6 Qxf6 14. Nbd2 Bd7 15. Qe3 Qc3 16. Rac1 Rae8 17. Nb1 Qb4 18. c4 Rf5 19. d4 cxd4 20. Qxd4 c5 21. Qd3 Nf4 22. Qc2 d4 23. Nbd2 d3 24. Qb2 Ne2+ 25. Rxe2 dxe2 26. Re1 Bc6 27. Rxe2 Bxf3 28. Nxf3 Rd8 29. h4 Rd1+ 30. Kh2 Qb8+ 31. Ne5 Rd4 32. f4 Rfxf4 33. Qc1 Rfe4 0-1

[Event "Berlin op 08"]
[Site "Berlin"]
[Date "2002.08.23"]
[Round "7"]
[White "Welz, Peter"]
[Black "Bandlow, Reinhard"]
[Result "1-0"]
[WhiteElo "2067"]
[BlackElo "1953"]
[PlyCount "73"]
[EventDate "2002.08.17"]
[EventType "swiss"]
[EventRounds "9"]
[EventCountry "GER"]
[SourceTitle "EXT 2007"]
[Source "ChessBase"]
[SourceDate "2006.11.23"]
[SourceVersion "1"]
[SourceVersionDate "2006.11.23"]
[SourceQuality "1"]

1. e4 c6 2. d4 d5 3. e5 c5 4. dxc5 Nc6 5. Nf3 Bg4 6. c3 Bxf3 7. Qxf3 e6 8. Qg3 Nge7 9. Bd3 Ng6 10. Bxg6 hxg6 11. Be3 Qc7 12. Bd4 Rh5 13. 0-0 Be7 14. Re1 Kd7 15. Nd2 Rah8 16. Nf1 Bh4 17. Qe3 Rf5 18. g3 Bd8 19. b4 g5 20. b5 Ne7 21. a4 Ng6 22. a5 Nf4 23. gxf4 gxf4 24. Qf3 Ke8 25. c6 g5 26. cxb7 g4 27. Qd3 Qxb7 28. a6 Qe7 29. b6 Qh4 30. bxa7 f3 31. Bc5 f6 32. exf6 Qh3 33. Qb5+ Kf7 34. Qd7+ Kxf6 35. Rxe6+ Kg5 36. Qg7+ Kh4 37. Qxh8+ 1-0

[Event "Berlin op 08"]
[Site "Berlin"]
[Date "2002.08.17"]
[Round "1"]
[White "Berg, Gerd"]
[Black "Bandlow, Reinhard"]
[Result "1-0"]
[WhiteElo "1465"]
[BlackElo "1953"]
[PlyCount "51"]
[EventDate "2002.08.17"]
[EventType "swiss"]
[EventRounds "9"]
[EventCountry "GER"]
[SourceTitle "EXT 2007"]
[Source "ChessBase"]
[SourceDate "2006.11.23"]
[SourceVersion "1"]
[SourceVersionDate "2006.11.23"]
[SourceQuality "1"]

1. c4 Nf6 2. d4 e6 3. Nc3 Bb4 4. e3 0-0 5. Bd2 d5 6. Nge2 c5 7. Qb3 dxc4 8. Qxc4 b6 9. Rd1 Ba6 10. Qb3 Nc6 11. Qc2 Rc8 12. Qa4 Bb7 13. a3 cxd4 14. axb4 dxc3 15. bxc3 a5 16. b5 Qc7 17. bxc6 Bxc6 18. Qa1 Qb7 19. f3 e5 20. e4 a4 21. Ng3 b5 22. Nf5 Rcd8 23. Be2 Rd7 24. Bg5 Qa7 25. Rxd7 Nxd7 26. Ne7+ 1-0